| 000 | 00801nam a22002417a 4500 | ||
|---|---|---|---|
| 999 |
_c3880 _d3880 |
||
| 001 | 20210 | ||
| 003 | BD-DhUAP | ||
| 005 | 20200315095302.0 | ||
| 008 | 200315r20162001ii ||||| b||| 001 0 eng d | ||
| 020 | _a9780521683258 | ||
| 040 |
_aBD-DhUAP _bEng _cBD-DhUAP _dBD-DhUAP |
||
| 082 |
_223 _a418.0071 RIC |
||
| 100 | _aRichards, Jack C. | ||
| 245 |
_aApproaches and methods in language teaching / _cJack C Richards and Theodore Stephen Rodgers. |
||
| 250 | _a2nd ed. | ||
| 260 |
_aNew Delhi : _bCambridge university press, _cc2001 [Reprinted 2016]. |
||
| 300 |
_aix, 270 pages ; _c23 cm. |
||
| 504 | _aIncludes bibliographies and index. | ||
| 650 |
_aLanguage and languages _vStudy and teaching. |
||
| 650 | _aSecond language acquisition. | ||
| 700 | _aRodgers, Theodore Stephen. | ||
| 942 |
_2ddc _cBK |
||